Rǧimen jurd̕ico de las ayudas pb︢licas al transporte ařeo en la Unin̤ Europea

Detalles Bibliográficos
Autor principal: Přez Rivarš, Juan Antonio
Formato: Libro
Lenguaje:español
Publicado: Barcelona : Bosch, 2011
Materias:
Acceso en línea:Acceso restringido

MARC

LEADER 00000nam a2200000 a 4500
005 20120209145522.0
007 cr|||| ||||
008 110406s2011 spc|||| |||||0|| 0 spa|c
017 |a DL SE. 1263-2011 
020 |a 9788476989562 
035 |a 6007 
040 |d vLex 
090 |c 2982  |d 2982 
100 1 |a Přez Rivarš, Juan Antonio 
245 1 0 |a Rǧimen jurd̕ico de las ayudas pb︢licas al transporte ařeo en la Unin̤ Europea  |h [Recurso electrn̤ico] /  |c Juan Antonio Přez Rivarš 
256 |a Servicio en ln̕ea 
260 |a Barcelona :  |b Bosch,  |c 2011 
300 |a 1 recurso electrn̤ico 
500 |a ¿Estǹ permitidas las ayudas pb︢licas a las empresas en la Unin̤ Europea? ¿Qu ̌procedimientos y requisitos de fondo deben cumplirse para que las ayudas pb︢licas se ajusten a la normativa aplicable? ¿Qu ̌operaciones tienen la consideracin̤ de “ayudas pb︢licas” a estos efectos? ¿Cul̀es son los motivos de interš general (sociales, regionales o de otra n̕dole) que pueden justificar el otorgamiento de ayudas pb︢licas, pese a su impacto negativo en la libre competencia? ¿Cul̀ es la polt̕ica de la Comisin̤ Europea respecto a las ayudas a la reestructuracin̤ y en lo que ataę a las ayudas al funcionamiento de las empresas, y qu ̌principios inspiran su actuacin̤? ¿Son vinculantes para la Comisin̤ Europea las directrices que publica dando orientaciones sobre la aplicacin̤ prc̀tica de la normativa en materia de ayudas pb︢licas a los diferentes sectores econm̤icos? ¿Qu ̌medidas debera̕n tomar las empresas beneficiarias para asegurarse de que las ayudas pb︢licas que reciban sean conformes con la normativa, y evitar as ̕el riesgo de tener que devolverlas, incrementadas en los intereses devengados desde su otorgamiento? ¿A quiň corresponde la devolucin̤ de las ayudas concedidas en infraccin̤ de la normativa cuando la empresa destinataria de la ayuda ha sido vendida? ¿Qu ̌acciones asisten, y a qu ̌procedimientos pueden recurrir, las empresas competidoras de las beneficiarias de las ayudas pb︢licas concedidas en infraccin̤ de la normativa? ¿Qu ̌peculiaridades presentan las respuestas a estas preguntas en el concreto sector del transporte ařeo? Con un minucioso anl̀isis del Derecho de la Unin̤ Europea, de la jurisprudencia del Tribunal de Justicia de Luxemburgo y de la prc̀tica administrativa de la Comisin̤ Europea en la materia, esta obra da cumplida respuesta a estas y otras cuestiones eminentemente prc̀ticas, al tiempo que brinda consideraciones estratǧicas a los operadores del sector, y formula propuestas de reforma de la normativa vigente tendentes a incrementar la seguridad jurd̕ica de las Administraciones pb︢licas y de las compaą̕s ařeas directa o indirectamente afectadas por las ayudas pb︢licas. 
504 |a Incluye referencias bibliogrf̀icas (p. 389-413) 
506 1 |a Contenido solo disponible en los productos indicados  |d vLex Global   |d vLex Global (Academic Edition, excluding Law Schools)   |d vLex Global (U.S. Academic Edition, Law Schools)   |d vLex Global (U.S. Academic Edition, excluding Law Schools)   |d vLex Global (Academic Edition, Law Schools)  
650 4 |a Aeronùtica  |x Derecho y legislacin̤  |z Unin̤ Europea, Pas̕es de la 
650 4 |a Aviacin̤ comercial  |x Subvenciones  |z Unin̤ Europea, Pas̕es de la 
740 0 |a vLex Libros (Servicio en ln̕ea) 
856 4 0 |u http://vlex.com/source/regimen-juridico-ayudas-publicas-transporte-aereo-union-europea-6007  |z Acceso restringido 
942 |c BOOK 
999 0 |a  Aeronautics, Commercial 
999 0 |a Subsidies